| 000 | 01001nam a2200229 a 4500 | ||
|---|---|---|---|
| 001 | 000044135 | ||
| 005 | 20201002045154.0 | ||
| 008 | 131021s1997 sp ab 000 0 spa d | ||
| 020 | _a8478190651 | ||
| 040 |
_aDO-SdBNP _bspa _cBNPHU |
||
| 082 |
_a937.06 _bT114im |
||
| 245 | 0 | 0 |
_aTabvla Imperii Romani : _bfull KJ-31 : Pyrénées orientales -Baleares : sobre la base cartográfica a escala 1:1.000.000 de l'IGN / _cTextos revisado por Adela Cepas Palanca ... [et al.]. |
| 260 |
_aMadrid : _bInstituto Geográfico Nacional : _bMinisterio de Educación y Cultura, _c1997. |
||
| 300 |
_a223 p. : _bil., + ; _c24 cm. _e1 mapa pleg. |
||
| 504 | _aIncluye bibliografía y notas al pie de páginas. | ||
| 650 | 4 |
_aRoma _xHistoria _yIMPERIO, 30 A.C. - 476 D.C. _972141 |
|
| 700 | 1 | 2 |
_aCepas Palanca, Adela _972142 |
| 710 | 2 |
_aConsejo Superior de Investigaciones Científicas (España) _915178 |
|
| 710 | 2 |
_aUnión Académica Internacional _972143 |
|
| 910 | _aValidado. Control de calidad EMS | ||
| 049 | _aBNPD | ||
| 999 |
_c43624 _d43624 |
||